Himno al árbol / letra de S. ; música de: [José Voltas Viñas] [José Voltas Viñas]
Publicado:
[Barcelona] :
[Diputación de Barcelona, Patronato Provincial de la Fiesta del Árbol], [195 - ?]
Descripción Física:
[4] p. ; 24 cm
Otros Autores:
Patronato Provincial de la Fiesta del Árbol
Materias:
Arbres -- Cançons i música
MARC
| LEADER | 00000nam a2200000Ia 4500 | ||
|---|---|---|---|
| 001 | 9704 | ||
| 008 | 160829s9999 xx 000 0 cat d | ||
| 080 | |a FU-10-75 | ||
| 100 | |a Voltas Viñas, Josep |9 35814 | ||
| 245 | |a Himno al árbol / letra de S. ; música de: |b [José Voltas Viñas] | ||
| 260 | |a [Barcelona] : |b [Diputación de Barcelona, Patronato Provincial de la Fiesta del Árbol], [195 - ?] | ||
| 300 | |a [4] p. ; |c 24 cm | ||
| 650 | |a Arbres |x Cançons i música |9 35815 | ||
| 700 | |a Patronato Provincial de la Fiesta del Árbol |9 35816 | ||
| 710 | 1 | |a Barcelona (Catalunya : Província). |b Diputació |9 52408 | |
| 901 | |a Arxiu | ||
| 942 | |n 1 | ||
| 952 | |0 0 |1 0 |4 0 |6 FU1075 |7 1 |9 47083 |a Arxiu |b Arxiu |d 2016-12-01 |l 0 |o FU-10-75 |p 9704 |r 2016-12-01 00:00:00 |w 2016-12-01 |y ARXIU | ||
| 999 | |c 50877 |d 50877 | ||